000 00960nam a22002177a 4500
003 OSt
005 20190524172305.0
008 150408b xxu||||| |||| 00| 0 eng d
040 _cBMC
082 _a670.42
100 1 _942547
_aRosales Granadino, Santiago Javier
245 1 0 _aPasantía en Comisión nacional de la micro y pequeña empresa (CONAMYPE)
_b: informe final
_cSantiago Javier Rosales Granadino
260 _aSanta Ana (El Salvador)
_bUniversidad Católica de El Salvador
_c2018
300 _a55 h.
_c27 cm
_b+ 1 disco compacto
500 _aPrecede al tít.: Universidad Católica de El Salvador, Facultad de Ingeniería y Arquitectura
500 _aPeríodo de realización: de junio a diciembre de 2017
502 _aPara optar al título de: Ingeniero Industrial
650 2 4 _919919
_aIngeniería industrial
710 2 _91166
_aUniversidad Católica de El Salvador
_bFacultad de Ingeniería y Arquitectura
942 _2ddc
_cTG
_hprozim
999 _c29274
_d29274